000 01445cad a22002295a 4500
001 L141749
008 071218s20071217xxkbdo f s f000 0 eng d
035 _a(Sirsi) u141749
041 0 _aeng
050 0 4 _a627.4 $2 18
100 1 _aPitt, Michael
_cSir
240 0 4 _aThe Pitt review
245 0 0 _aLearning lessons from the 2007 floods
_ban independent review by Sir Michael Pitt, interim report, December 2007
_h[electronic resource]
260 _aLondon
_bCabinet Office
_c2007
520 _aThe interim report by the Pitt Review of the floods of summer 2007 aims to identify issues which require urgent action. It also prescribes the further direction of the review, and provides an opportunity for consultation prior to the final report which is due in summer 2008. Makes 15 urgent recommendations to protect against any flooding in the near future. They are based on flood risk management, groundwater monitoring, planning and response, public information and preparedness. 72 interim conclusions are offered throughout the text, also covering these areas.
521 1 _aIntroductory
590 _aKA NTK
651 4 _aUnited Kingdom
_y
690 _aENVIRONMENTAL AND LAND CONSULTANCY-WATER RESOURCE MANAGEMENT-FLOODING
856 4 8 _uhttps://webarchive.nationalarchives.gov.uk/20080305180559/http://cabinetoffice.gov.uk/thepittreview/interim_report.aspx
_zView the report free of charge at www.cabinetoffice.gov.uk...
942 _n0
999 _c107756
_d107756